Behavioural issues (Record no. 77129)

MARC details
000 -LEADER
fixed length control field 01435cab a2200241 4500
001 - CONTROL NUMBER
control field ##L133642
008 - FIXED-LENGTH DATA ELEMENTS--GENERAL INFORMATION
fixed length control field 060525n2006 000 0 eng u
035 ## - SYSTEM CONTROL NUMBER
System control number (Sirsi) u133642
041 0# - LANGUAGE CODE
Language code of text/sound track or separate title eng
100 1# - MAIN ENTRY--PERSONAL NAME
Personal name Gattegno, Julie
245 00 - TITLE STATEMENT
Title Behavioural issues
260 ## - PUBLICATION, DISTRIBUTION, ETC.
Date of publication, distribution, etc. 2006
490 #0 - SERIES STATEMENT
Series statement Estates Gazette
Volume/sequential designation (0620) 20 May 2006, 288-289(2)
520 ## - SUMMARY, ETC.
Summary, etc. Describes how Anti-Social Behaviour Orders (ASBOs) and Acceptable Behaviour Contracts (ABCs) which were introduced by the Crime and Disorder Act 1998 can help both landlords and tenants tackle anti-social behaviour. Focuses on retail areas which are prime hang-outs for those involved in anti-social behaviour. ASBOs have far-reaching application and act as a strong disincentive to committing further offences. The concept of dispersal zones introduced by the Anti-Social Behaviour Act 2003 has extended the powers and measures introduced under the 1998 Act. Lists the behaviour types attracting ASBOs and steps that shopping centre managers can take to reduce anti-social behaviour. Concludes with alternative methods of control where an ASBO is not an option.
590 ## - LOCAL NOTE (RLIN)
Local note IKA060606
650 24 - SUBJECT ADDED ENTRY--TOPICAL TERM
Topical term or geographic name entry element R V METROPOLITAN COMMISSIONER EX P W
650 24 - SUBJECT ADDED ENTRY--TOPICAL TERM
Topical term or geographic name entry element HIGHWAYS ACT 1980
650 24 - SUBJECT ADDED ENTRY--TOPICAL TERM
Topical term or geographic name entry element CIN PROPERTIES LTD V RAWLINS
650 24 - SUBJECT ADDED ENTRY--TOPICAL TERM
Topical term or geographic name entry element CRIME AND DISORDER ACT 1998
651 #4 - SUBJECT ADDED ENTRY--GEOGRAPHIC NAME
Geographic name England and Wales
Chronological subdivision 1543-
690 ## - LOCAL SUBJECT ADDED ENTRY--TOPICAL TERM (OCLC, RLIN)
Topical term or geographic name as entry element PROPERTY-COMMERCIAL PROPERTY-RETAIL PROPERTY
942 ## - ADDED ENTRY ELEMENTS (KOHA)
Suppress in OPAC 0
Holdings
Withdrawn status Lost status Source of classification or shelving scheme Damaged status Not for loan Home library Current library Shelving location Date acquired Total Checkouts Full call number Barcode Date last seen Copy number Price effective from Koha item type
    Dewey Decimal Classification     London London Journal article 25/05/2006   L133642 133642-1001 06/08/2019 1 06/08/2019 Journal article